| 000 | 00590nam a2200229Ia 4500 | ||
|---|---|---|---|
| 003 | OSt | ||
| 005 | 20221005123118.0 | ||
| 006 | a|||||r|||| 00| 0 | ||
| 007 | ta | ||
| 008 | 221004b |||||||| |||| 00| 0 kan d | ||
| 024 | _a62432 | ||
| 037 | _cTextual | ||
| 040 |
_aCRL _cCRL _bkan |
||
| 041 |
_2kan _akan |
||
| 082 | _aP33, N4 | ||
| 100 |
_aRao Panuganti Lakshmiinarasimha Au. _9633144 |
||
| 245 | 0 | _aKokila | |
| 260 | _c1994 | ||
| 650 |
_aKANNAD LANGUAGE _9187447 |
||
| 942 |
_hP33, N4 _cTEXL _2cc |
||
| 999 |
_c1046396 _d1046396 |
||